000 01185nam a2200241Ii 4500
003 JO-AjNU
005 20240629104252.0
008 230605s9999||||xx |||||||||||||| ||und||
040 _aJO-AjNU
_bara
_erda
_cJO-AjNU
041 _aara
050 1 4 _aKMM107.5 2018
100 1 _aسليمان، احمد اسماعيل
_eمعد
_965768
245 0 _aاثر افلاس الشركات المساهمه العامه على الشركه والشركاء"دراسة مقارنه" = The impact of the bankruptcy of the public shareholding companies on the company and partners /
_cاعداد احمد اسماعيل سليمان؛ اشراف منتصر احمد القضاة
264 3 1 _a 2018
300 _a119 ورقة
336 _atext
_btxt
_2rdacontent
337 _aunmediated
_bn
_2rdamedia
338 _avolume
_bnc
_2rdacarrier
500 _aرساله جامعيه (ماجستير في القانون) - جامعة عجلون الوطنيه (عجلون ، الاردن) ، كلية القانون ، 2018
650 4 _aالشركات المساهمة - قوانين وتشريعات
_958242
700 1 _aالقضاة، منتصر احمد
_965269
_eمشرف
942 _2lcc
_cTHS
999 _c29712
_d29712